Central Library OPAC University of Rajshahi

The end of ideology; (Record no. 3673)

MARC details
000 -LEADER
fixed length control field 00834cam a2200265I 4500
001 - CONTROL NUMBER
control field 3673
003 - CONTROL NUMBER IDENTIFIER
rucl marc code BD-RjUL
005 - DATE AND TIME OF LATEST TRANSACTION
control field 20211208233752.0
008 - FIXED-LENGTH DATA ELEMENTS--GENERAL INFORMATION
fixed length control field 131219s1960 ilu b 00100 eng
035 ## - SYSTEM CONTROL NUMBER
System control number (BD-RjUL)3707
040 ## - CATALOGING SOURCE
Original cataloging agency DLC
Transcribing agency WSU
Modifying agency OCL
-- m.c.
-- SER
-- BOS
-- BD-RjUL
Language of cataloging eng
041 ## - LANGUAGE CODE
Language code of text/sound track or separate title eng
082 ## - DEWEY DECIMAL CLASSIFICATION NUMBER
Edition number 335
Author mark and year BEE
090 ## - LOCALLY ASSIGNED LC-TYPE CALL NUMBER (OCLC); LOCAL CALL NUMBER (OCLC)
Classification number (OCLC) (R) ; Classification number, CALL (RLIN) (NR) HN57
Local cutter number (OCLC) ; Book number/undivided call number, CALL (RLIN) .B424 1960
100 1# - MAIN ENTRY--PERSONAL NAME
Personal name Bell, Daniel,
Dates associated with a name 1919-
9 (RLIN) 11660
245 14 - TITLE STATEMENT
Title The end of ideology;
Remainder of title on the exhaustion of political ideas in the fifties.
260 ## - PUBLICATION, DISTRIBUTION, ETC. (IMPRINT)
Place of publication, distribution, etc. Glencoe, Ill.,:
Name of publisher, distributor, etc. Free Press ,
Date of publication, distribution, etc. c1960.
300 ## - PHYSICAL DESCRIPTION
Pagination 416 p. ;
Size 25 cm.
504 ## - BIBLIOGRAPHY, ETC. NOTE
Bibliography, etc Includes bibliography and index.
650 #0 - SUBJECT ADDED ENTRY--TOPICAL TERM
Topical term or geographic name as entry element Social sciences
General subdivision History
Geographic subdivision United States.
9 (RLIN) 11661
651 #0 - SUBJECT ADDED ENTRY--GEOGRAPHIC NAME
Geographic name United States
General subdivision Social conditions.
9 (RLIN) 11662
Geographic name United States
General subdivision Civilization.
9 (RLIN) 11663
942 ## - ADDED ENTRY ELEMENTS (KOHA)
Source of classification or shelving scheme Dewey Decimal Classification
Koha item type Books
Holdings
Lost status Source of classification or shelving scheme Damaged status Not for loan Collection code Permanent Location Current Location Shelving location Date acquired Source of acquisition Cost, normal purchase price Total Checkouts Full call number Date last seen Copy number Koha item type
  Dewey Decimal Classification   Not For Loan Non-fiction Central Library, University of Rajshahi Central Library, University of Rajshahi Reading Room 26/02/1964 Zeitlinger 60.00   335 BEE 1960 19/12/2013 C-1 Books